| 000 | 02153nam a2200205Ia 4500 | ||
|---|---|---|---|
| 999 |
_c8681 _d8681 |
||
| 005 | 20230808093641.0 | ||
| 008 | 230725s9999 xx 000 0 und d | ||
| 020 | _a8435700623 | ||
| 040 |
_aUPAN _cBiblioteca San Vicente _eRCAA2 |
||
| 041 | _aspa | ||
| 082 |
_a512 _bB353a _c2007 |
||
| 100 |
_aBaldor, Aurelio _4aut. |
||
| 245 | 0 |
_aAlgebra/ _cAurelio Baldor |
|
| 250 | _a18ª ed. | ||
| 260 |
_aMéxico: _bPublicaciones Cultural, _c2000 |
||
| 300 |
_a576 p.; _c24 cm. |
||
| 505 | _aI. Suma II. Resta III. Signos de agrupación IV. Multiplicación V. División VI. Productos y cocientes notables VII. Teorema del Residuo VIII. Ecuaciones enteras de primer grado con una incógnita IX. Problemas sobre ecuaciones enteras de primer grado con una incógnita X. Descomposición factorial XI. Máximo común divisor XII. Mínimo común múltiplo XIII. Fracciones algebraicas, reducción de fracciones XIV. Operaciones con fracciones XV. Ecuaciones numéricas fraccionarias de primer grado con una incógnita XVI. Ecuaciones literales de primer grado con una incógnita XVII. Problemas sobre ecuaciones fraccionarias de primer grado XVIII. Formulas XIX. Desigualdades, inecuaciones XX. Funciones XXI. Representación grafica de funciones y relaciones XXII. Graficas. Aplicaciones practicas XXIII. Ecuaciones indeterminadas XXIV. Ecuaciones simultaneas de primer grado y con dos incógnitas XXV. Ecuaciones simultaneas de primer grado con tres o mas incógnitas XXVI. Problemas que se resuelven por ecuaciones simultaneas XXVII. Estudios elemental de la teoría coordinatoria XXVIII. Potenciación XXIX. Radicación XXX. Teorías de los exponentes XXXI. Radicales XXXII. Cantidades imaginarias XXXIII. ecuaciones de segundo grado con una incógnita XXXIV. Problemas que se resuelven pro ecuaciones de segundo grado. Problemas de las luces XXXV. Teorías de las ecuaciones de segundo grado. Estudio del trinomio del segundo grado XXXVI. Ecuaciones binomios y trinomios XXXVII. Progresiones XXXVIII. Logaritmos XXXIX. Interes compuesto. Amortizaciones. Imposiciones | ||
| 650 |
_2LEMB _xAlgebra |
||
| 942 |
_cBK _2ddc |
||